000
00319 a2200145 4500
001
166983
020
_a
040
_c
Magnum
100
_a
Kohan, Walter Omar
240
1
0
_a
Filosofia no ensino medio - v.6
_l
por
245
1
0
_a
Filosofia no ensino medio - v.6
362
0
_a
1899
697
_a
FILOSOFIA
942
_c
BK
999
_c
166983
_d
166983